[Event "Titled Tuesday intern op 13th Feb Late"]
[Site "Chess.com INT"]
[Date "2024.02.13"]
[Round "3"]
[White "Maltsevskaya, Aleksandra"]
[Black "Cruz, William Ferreira Da"]
[Result "0-1"]
[WhiteElo "2374"]
[BlackElo "2216"]
[PlyCount "42"]
[EventDate "2024.02.13"]
[EventType "swiss (blitz)"]
[EventRounds "11"]
[EventCountry "USA"]
[SourceTitle "CB08_2024"]
[SourceDate "2024.02.21"]
[SourceVersion "1"]
[SourceVersionDate "2024.02.21"]
[SourceQuality "1"]

1. Nf3 Nf6 2. g3 g6 3. Bg2 Bg7 4. 0-0 0-0 5. d3 d6 6. Nbd2 Nbd7 7. e4 e5 8. Nh4 c6 9. f4 exf4 10. gxf4 Nxe4 11. Nxe4 Qxh4 12. Nxd6 Nf6 13. Nxc8 Raxc8 14. f5 Rce8 15. Bf4 Nd5 16. Bg3 Qd8 17. c3 Ne3 18. Qd2 Nxf1 19. Rxf1 gxf5 20. Rxf5 Re6 21. Be4 Rxe4 0-1

[Event "Titled Tuesday intern op 23rd Jan Late"]
[Site "Chess.com INT"]
[Date "2024.01.23"]
[Round "9"]
[White "Cruz, William Ferreira Da"]
[Black "Coca Cubillos, Jesus Alberto"]
[Result "0-1"]
[WhiteElo "2216"]
[BlackElo "1944"]
[PlyCount "68"]
[EventDate "2024.01.23"]
[EventType "swiss (blitz)"]
[EventRounds "11"]
[EventCountry "USA"]
[SourceTitle "CB05_2024"]
[SourceDate "2024.01.31"]
[SourceVersion "1"]
[SourceVersionDate "2024.01.31"]
[SourceQuality "1"]

1. d4 g6 2. c4 Bg7 3. Nc3 d6 4. e4 Nc6 5. Be3 Nh6 6. Be2 0-0 7. Nf3 Ng4 8. Bc1 a6 9. 0-0 Kh8 10. d5 Nb8 11. Nd4 Nf6 12. f4 Ng8 13. Nf3 Nd7 14. Be3 e5 15. f5 gxf5 16. exf5 Ndf6 17. Ng5 h6 18. Nge4 Nh7 19. Qd2 Bd7 20. Rf2 f6 21. Raf1 Ne7 22. Bxh6 Bxh6 23. Qxh6 Rf7 24. Bh5 Qf8 25. Qe3 Rg7 26. Ne2 Ng5 27. Nxg5 Rxg5 28. Ng3 Qh6 29. Be2 Rag8 30. Ne4 Rxg2+ 31. Rxg2 Qxe3+ 32. Kh1 Rxg2 33. Kxg2 Qxe2+ 34. Nf2 Nxf5 0-1

[Event "Titled Tuesday intern op 23rd Jan Late"]
[Site "Chess.com INT"]
[Date "2024.01.23"]
[Round "5"]
[White "Diaz Garcia, Lianet"]
[Black "Cruz, William Ferreira Da"]
[Result "0-1"]
[WhiteElo "2000"]
[BlackElo "2216"]
[PlyCount "86"]
[EventDate "2024.01.23"]
[EventType "swiss (blitz)"]
[EventRounds "11"]
[EventCountry "USA"]
[SourceTitle "CB05_2024"]
[SourceDate "2024.01.31"]
[SourceVersion "1"]
[SourceVersionDate "2024.01.31"]
[SourceQuality "1"]

1. e4 e6 2. d3 d5 3. Nd2 Nf6 4. Ngf3 Bc5 5. e5 Nfd7 6. d4 Be7 7. Bd3 c5 8. c3 Nc6 9. a3 a5 10. 0-0 cxd4 11. cxd4 a4 12. b4 axb3 13. Nxb3 Nb6 14. Be3 Nc4 15. Bxc4 dxc4 16. Nc5 Qd5 17. Qc2 Bxc5 18. dxc5 Nxe5 19. Nxe5 Qxe5 20. Qxc4 0-0 21. Bd4 Qf5 22. Rae1 Bd7 23. Re5 Qg4 24. h3 Qg6 25. Bb2 Bc6 26. g3 Ra4 27. Qc1 Re4 28. Rg5 Qh6 29. Rxg7+ Qxg7 30. Bxg7 Kxg7 31. Qg5+ Kh8 32. Qf6+ Kg8 33. Rd1 Ra8 34. h4 Rea4 35. h5 Rg4 36. h6 Re8 37. Rd8 Kf8 38. Rxe8+ Kxe8 39. Qh8+ Ke7 40. Qxh7 Rc4 41. Qb1 Be4 42. Qa1 Rxc5 43. h7 Bxh7 0-1

[Event "Titled Tuesday intern op 09th Jan Early"]
[Site "Chess.com INT"]
[Date "2024.01.09"]
[Round "9"]
[White "Khamdamova, Afruza"]
[Black "Cruz, William Ferreira Da"]
[Result "0-1"]
[WhiteElo "2327"]
[BlackElo "2216"]
[PlyCount "84"]
[EventDate "2024.01.09"]
[EventType "swiss (blitz)"]
[EventRounds "11"]
[EventCountry "USA"]
[SourceTitle "CB03_2024"]
[SourceDate "2024.01.17"]
[SourceVersion "1"]
[SourceVersionDate "2024.01.17"]
[SourceQuality "1"]

1. e4 e6 2. d4 d5 3. Nd2 c5 4. exd5 Qxd5 5. Ngf3 cxd4 6. Bc4 Qd8 7. 0-0 a6 8. a4 Nc6 9. Nb3 Qc7 10. Qe2 Bd6 11. Rd1 Nge7 12. Nbxd4 Bd7 13. Be3 0-0 14. c3 e5 15. Nxc6 Bxc6 16. Bb3 Nf5 17. a5 Nxe3 18. Qxe3 e4 19. Nd4 Bxh2+ 20. Kh1 Bf4 21. Qe2 Qd6 22. Kg1 Qh6 23. g3 e3 24. Nxc6 exf2+ 25. Kg2 Qxc6+ 26. Bd5 Qg6 27. Qxf2 Bd6 28. Bxb7 Rab8 29. Bd5 h5 30. Rd4 Bc5 31. b4 Bxd4 32. Qxd4 Rbe8 33. Bf3 Rd8 34. Qf2 Qg5 35. Re1 Rd2 36. Re2 Rfd8 37. Kh3 Qf5+ 38. Kg2 Qg5 39. Kh3 Rxe2 40. Bxe2 Rd2 41. Kg2 Qd5+ 42. Kf1 Qh1+ 0-1

[Event "Titled Tuesday intern op 18th Jul Late"]
[Site "Chess.com INT"]
[Date "2023.07.18"]
[Round "11"]
[White "Cruz, William Ferreira Da"]
[Black "Campos, Maria Jose"]
[Result "1-0"]
[WhiteElo "2216"]
[BlackElo "2212"]
[PlyCount "55"]
[EventDate "2023.07.18"]
[EventType "swiss (blitz)"]
[EventRounds "11"]
[EventCountry "USA"]
[SourceTitle "EXT 2024"]
[Source "ChessBase"]
[SourceDate "2023.10.10"]
[SourceVersion "1"]
[SourceVersionDate "2023.10.10"]
[SourceQuality "1"]

1. e4 e5 2. Nf3 Nc6 3. Bc4 Nf6 4. d3 Bc5 5. 0-0 d6 6. c3 a6 7. a4 Ba7 8. Na3 h6 9. Nc2 0-0 10. Be3 Bg4 11. h3 Bh5 12. Bxa7 Bxf3 13. Qxf3 Nxa7 14. Ne3 Nc8 15. Nf5 Ne7 16. Nxh6+ Kh7 17. Ng4 Nxg4 18. hxg4 Ng6 19. g3 c6 20. Kg2 d5 21. exd5 cxd5 22. Bxd5 Rc8 23. Bxf7 Nf4+ 24. gxf4 Rxf7 25. Qe4+ Kg8 26. fxe5 Qg5 27. Rh1 Rcf8 28. Qh7# 1-0

[Event "Titled Tuesday intern op 09th May Late"]
[Site "Chess.com INT"]
[Date "2023.05.09"]
[Round "2"]
[White "Cruz, William Ferreira Da"]
[Black "Szente Varga, Fruzsina"]
[Result "1-0"]
[WhiteElo "2216"]
[BlackElo "2075"]
[PlyCount "49"]
[EventDate "2023.05.09"]
[EventType "swiss (blitz)"]
[EventRounds "11"]
[EventCountry "USA"]
[SourceTitle "CBM 214 Extra"]
[Source "ChessBase"]
[SourceDate "2023.07.31"]
[SourceVersion "1"]
[SourceVersionDate "2023.07.31"]
[SourceQuality "1"]

1. d4 Nf6 2. c4 g6 3. Nc3 Bg7 4. e4 d6 5. Nf3 0-0 6. Be2 e5 7. 0-0 Nc6 8. d5 Ne7 9. Ne1 Nd7 10. Be3 f5 11. f3 f4 12. Bf2 g5 13. Rc1 h5 14. c5 Nf6 15. cxd6 cxd6 16. Nb5 Ne8 17. h3 Ng6 18. Nxa7 Bd7 19. Bb5 Bxh3 20. gxh3 Qa5 21. Qa4 Qd2 22. Rc2 Qd1 23. Be2 Qb1 24. Nd3 Rxa7 25. Bxa7 1-0

[Event "Titled Tuesday intern op 09th May Late"]
[Site "Chess.com INT"]
[Date "2023.05.09"]
[Round "11"]
[White "Stankovic, Boris"]
[Black "Cruz, William Ferreira Da"]
[Result "1-0"]
[WhiteElo "2199"]
[BlackElo "2216"]
[PlyCount "97"]
[EventDate "2023.05.09"]
[EventType "swiss (blitz)"]
[EventRounds "11"]
[EventCountry "USA"]
[SourceTitle "CBM 214 Extra"]
[Source "ChessBase"]
[SourceDate "2023.07.31"]
[SourceVersion "1"]
[SourceVersionDate "2023.07.31"]
[SourceQuality "1"]

1. e4 e6 2. d4 d5 3. Nd2 c5 4. exd5 Qxd5 5. dxc5 Bxc5 6. Bc4 Qd8 7. Ngf3 Qc7 8. 0-0 a6 9. b3 b5 10. Bd3 Be7 11. Ne4 Nf6 12. Bb2 Bb7 13. Nfd2 Nbd7 14. Qf3 Ne5 15. Qg3 Nxe4 16. Nxe4 Bf6 17. Rad1 0-0-0 18. Nxf6 gxf6 19. Bxe5 fxe5 20. Qh4 Rhg8 21. Be4 f5 22. Rxd8+ Rxd8 23. Bxb7+ Kxb7 24. Qf6 Qd6 25. h4 e4 26. h5 Rd7 27. c4 b4 28. c5 Qd5 29. Rc1 Rc7 30. h6 a5 31. c6+ Rxc6 32. Qe7+ Ka6 33. Rxc6+ Qxc6 34. Qxh7 Qc1+ 35. Kh2 Qf4+ 36. Kg1 e3 37. fxe3 Qxe3+ 38. Kh2 Qf4+ 39. Kg1 Qe3+ 40. Kf1 Qc1+ 41. Kf2 Qd2+ 42. Kf3 Qd5+ 43. Kf4 e5+ 44. Kg5 Qxg2+ 45. Kf6 f4 46. Qd3+ Kb6 47. h7 Qh2 48. Qd8+ Kc5 49. h8Q 1-0

[Event "Titled Tuesday intern op 02nd May Late"]
[Site "Chess.com INT"]
[Date "2023.05.02"]
[Round "4"]
[White "Kohler, Aran"]
[Black "Cruz, William Ferreira Da"]
[Result "0-1"]
[WhiteElo "2010"]
[BlackElo "2216"]
[PlyCount "128"]
[EventDate "2023.05.02"]
[EventType "swiss (blitz)"]
[EventRounds "11"]
[EventCountry "USA"]
[SourceTitle "EXT 2024"]
[Source "ChessBase"]
[SourceDate "2023.10.10"]
[SourceVersion "1"]
[SourceVersionDate "2023.10.10"]
[SourceQuality "1"]

1. e4 e6 2. d4 d5 3. Nc3 Nf6 4. Bg5 dxe4 5. Bxf6 gxf6 6. Nxe4 f5 7. Ng3 a6 8. c3 c5 9. Nf3 Nc6 10. Be2 cxd4 11. Nxd4 Nxd4 12. Qxd4 Qxd4 13. cxd4 Bg7 14. 0-0-0 Bd7 15. Bf3 Rc8+ 16. Kb1 Bc6 17. d5 Bd7 18. Rhe1 0-0 19. dxe6 Bxe6 20. Nh5 Rc7 21. Nxg7 Kxg7 22. Rc1 Rfc8 23. Rxc7 Rxc7 24. g3 Kf6 25. Bd1 Rd7 26. f4 Rd2 27. Be2 Bd5 28. Kc1 Rd4 29. Rd1 Re4 30. Bd3 Re3 31. Bxf5 Bxa2 32. Bxh7 Bb3 33. Bc2 Be6 34. Rg1 Bg4 35. Bd1 Kf5 36. Bc2+ Kf6 37. Bd1 Kf5 38. Kd2 Re7 39. Bc2+ Kf6 40. Re1 Rd7+ 41. Ke3 Rc7 42. Bd3 b5 43. b4 Rc3 44. Kd4 Rb3 45. Re5 Rxb4+ 46. Kc5 Rb3 47. Be4 Rc3+ 48. Kb6 b4 49. Kxa6 b3 50. Rb5 Be2 51. Ka5 Bxb5 52. Kxb5 b2 53. Kb4 Rc1 54. g4 b1Q+ 55. Bxb1 Rxb1+ 56. Kc3 Rh1 57. Kd3 Rxh2 58. Ke4 Rg2 59. g5+ Kg6 60. Ke5 Rg4 61. f5+ Kxg5 62. f6 Rf4 63. Kd6 Rxf6+ 64. Ke7 Re6+ 0-1

[Event "Titled Tuesday intern op 31st Jan Late"]
[Site "Chess.com INT"]
[Date "2023.01.31"]
[Round "8"]
[White "Cruz, William Ferreira Da"]
[Black "Simonian, Hrair"]
[Result "0-1"]
[WhiteElo "2224"]
[BlackElo "2431"]
[PlyCount "46"]
[EventDate "2023.01.31"]
[EventType "swiss (blitz)"]
[EventRounds "11"]
[EventCountry "USA"]
[SourceTitle "CBM 212 Extra"]
[Source "ChessBase"]
[SourceDate "2023.03.31"]
[SourceVersion "1"]
[SourceVersionDate "2023.03.31"]
[SourceQuality "1"]

1. d4 Nf6 2. c4 b6 3. Nc3 Bb7 4. Nf3 e6 5. Bg5 Be7 6. Nd2 d5 7. e3 Nbd7 8. cxd5 Nxd5 9. Bxe7 Qxe7 10. e4 Nxc3 11. bxc3 0-0 12. Bd3 c5 13. 0-0 cxd4 14. cxd4 Nf6 15. Qe2 Rfd8 16. Nf3 Rac8 17. Rfc1 Qa3 18. Rxc8 Rxc8 19. h3 Rc1+ 20. Rxc1 Qxc1+ 21. Kh2 Nxe4 22. g3 Ng5 23. Nxg5 Qh1# 0-1

[Event "Titled Tuesday intern op 27th Dec Early"]
[Site "Chess.com INT"]
[Date "2022.12.27"]
[Round "2"]
[White "Cruz, William Ferreira Da"]
[Black "Abdilkhair, Abilmansur"]
[Result "0-1"]
[WhiteElo "2224"]
[BlackElo "2278"]
[PlyCount "98"]
[EventDate "2022.12.27"]
[EventType "swiss (blitz)"]
[EventRounds "11"]
[EventCountry "USA"]
[SourceTitle "EXT 2024"]
[Source "ChessBase"]
[SourceDate "2023.10.10"]
[SourceVersion "1"]
[SourceVersionDate "2023.10.10"]
[SourceQuality "1"]

1. d4 d5 2. c4 Nc6 3. e3 e5 4. Nf3 Bg4 5. cxd5 Qxd5 6. Nc3 Bb4 7. Be2 exd4 8. Nxd4 Qxg2 9. Rf1 Bxe2 10. Qxe2 Nge7 11. Nf3 0-0-0 12. Bd2 Qg6 13. Rg1 Qc2 14. a3 Bxc3 15. Bxc3 Qxe2+ 16. Kxe2 Ng6 17. Bxg7 Rhe8 18. Bc3 Nf4+ 19. Kf1 Nd5 20. Rd1 Nxc3 21. Rxd8+ Rxd8 22. bxc3 Rd1+ 23. Ke2 Rxg1 24. Nxg1 Kd7 25. f4 Kd6 26. Kd3 Kc5 27. Nf3 f6 28. Nd4 Ne7 29. Ne6+ Kd6 30. Nf8 h5 31. Nh7 Ke6 32. e4 f5 33. e5 Nd5 34. Ng5+ Ke7 35. Nh3 c5 36. c4 Nc7 37. Ng5 a6 38. h4 b5 39. Kc3 Na8 40. Nh7 Nb6 41. Nf6 Nxc4 42. a4 Ne3 43. Nxh5 Ng2 44. Ng3 Nxh4 45. axb5 axb5 46. Nh5 Ng6 47. Ng3 Ke6 48. Ne2 Kd5 49. Kd3 b4 0-1

[Event "Titled Tuesday intern op 27th Dec Late"]
[Site "Chess.com INT"]
[Date "2022.12.27"]
[Round "2"]
[White "Cruz, William Ferreira Da"]
[Black "Kovacevic, Radmila"]
[Result "1-0"]
[WhiteElo "2224"]
[BlackElo "2106"]
[PlyCount "111"]
[EventDate "2022.12.27"]
[EventType "swiss (blitz)"]
[EventRounds "11"]
[EventCountry "USA"]
[SourceTitle "EXT 2024"]
[Source "ChessBase"]
[SourceDate "2023.10.10"]
[SourceVersion "1"]
[SourceVersionDate "2023.10.10"]
[SourceQuality "1"]

1. d4 e5 2. dxe5 Nc6 3. Nf3 Qe7 4. e3 Nxe5 5. Be2 Nf6 6. 0-0 d5 7. Nbd2 Ng6 8. b3 Be6 9. Bb2 0-0-0 10. Qc1 h5 11. c4 h4 12. cxd5 Bxd5 13. h3 Kb8 14. Re1 Qc5 15. Bf1 Be7 16. e4 Be6 17. a3 Qh5 18. Nc4 Nf4 19. Qxf4 Rd3 20. Bxd3 Nd7 21. Nce5 Nc5 22. Bc4 g5 23. Qe3 g4 24. Bxe6 Nxe6 25. Nxg4 Rg8 26. Rac1 b6 27. Bf6 Bxa3 28. Ra1 Bb4 29. Rec1 a5 30. Bxh4 Bc5 31. Rxc5 Nxc5 32. Nf6 Rxg2+ 33. Kxg2 Qg6+ 34. Ng4 Nxe4 35. Nfe5 Qh7 36. Qh6 Qf5 37. Qf8+ Kb7 38. Qxf7 Qh5 39. Qxh5 Nd6 40. Qh7 Nb5 41. Rc1 Ka6 42. Bd8 a4 43. Bxc7 Nd4 44. Bxb6 Nxb3 45. Qa7+ Kb5 46. Rc5+ Kb4 47. Nd3+ Ka3 48. Rc4 Nc5 49. Rxa4+ Nxa4 50. Nc5 Kb2 51. Nxa4+ Kb1 52. h4 Kc2 53. h5 Kd3 54. h6 Ke2 55. h7 Kd3 56. h8Q 1-0

[Event "Titled Tuesday intern op 27th Dec Early"]
[Site "Chess.com INT"]
[Date "2022.12.27"]
[Round "4"]
[White "Cruz, William Ferreira Da"]
[Black "Stead, Kerry"]
[Result "1-0"]
[WhiteElo "2224"]
[BlackElo "1952"]
[PlyCount "57"]
[EventDate "2022.12.27"]
[EventType "swiss (blitz)"]
[EventRounds "11"]
[EventCountry "USA"]
[SourceTitle "EXT 2024"]
[Source "ChessBase"]
[SourceDate "2023.10.10"]
[SourceVersion "1"]
[SourceVersionDate "2023.10.10"]
[SourceQuality "1"]

1. d4 c5 2. d5 f5 3. c4 g6 4. Nc3 Bg7 5. Nf3 Bxc3+ 6. bxc3 Qa5 7. Bd2 d6 8. e4 fxe4 9. Ng5 Nf6 10. f3 exf3 11. Qxf3 h6 12. Ne4 Nbd7 13. Bd3 Ne5 14. Nxf6+ exf6 15. Bxg6+ Nxg6 16. Qxf6 Rg8 17. 0-0 Ne7 18. Rae1 Qc7 19. Qf7+ Kd8 20. Rxe7 Qxe7 21. Qxg8+ Kc7 22. Rf7 Bd7 23. Qg7 Qe8 24. Re7 Qd8 25. Bf4 a5 26. Bxd6+ Kb6 27. Rxd7 Qh4 28. Rxb7+ Ka6 29. Rb1 1-0

[Event "Titled Tuesday intern op 27th Dec Late"]
[Site "Chess.com INT"]
[Date "2022.12.27"]
[Round "4"]
[White "Prieto Aranguren, Alain"]
[Black "Cruz, William Ferreira Da"]
[Result "1-0"]
[WhiteElo "2267"]
[BlackElo "2224"]
[PlyCount "97"]
[EventDate "2022.12.27"]
[EventType "swiss (blitz)"]
[EventRounds "11"]
[EventCountry "USA"]
[SourceTitle "EXT 2024"]
[Source "ChessBase"]
[SourceDate "2023.10.10"]
[SourceVersion "1"]
[SourceVersionDate "2023.10.10"]
[SourceQuality "1"]

1. e4 e6 2. d4 d5 3. exd5 exd5 4. Bd3 Nf6 5. Nf3 Bd6 6. 0-0 0-0 7. Bg5 h6 8. Bh4 g5 9. Bg3 Ne4 10. Nbd2 f5 11. Be5 Nc6 12. c4 Bxe5 13. Nxe5 Nxe5 14. dxe5 Nxd2 15. Qxd2 Be6 16. cxd5 Qxd5 17. Rad1 Rad8 18. Qc3 Kg7 19. b3 c5 20. h4 Qd4 21. Qc2 Qxe5 22. Rfe1 Qf6 23. Qxc5 Rd7 24. Qxa7 Rfd8 25. Bc2 gxh4 26. Rxd7+ Rxd7 27. Qb6 Bd5 28. Qxf6+ Kxf6 29. f4 Rg7 30. Re2 h3 31. Kh2 hxg2 32. Kg1 h5 33. Re5 Be6 34. Re2 Rg4 35. Rxg2 Rxf4 36. Rd2 Rg4+ 37. Kf2 h4 38. Bd1 Rg7 39. Bf3 h3 40. Rd6 Ke5 41. Rb6 h2 42. a4 f4 43. b4 Kd4 44. Rxe6 Kc4 45. Rb6 Rg1 46. Rxb7 Rg3 47. Bh1 Rg1 48. Bg2 Rh1 49. Bxh1 1-0